| 000 | 01038nam a22003137a 4500 | ||
|---|---|---|---|
| 003 | CHAP | ||
| 005 | 20220329143916.0 | ||
| 008 | 120810s1986 us r 00010 eng d | ||
| 010 | _a103596 | ||
| 011 | _a104568 | ||
| 020 | _a0070178976 | ||
| 035 | _a115258 | ||
| 040 | _cCHAP | ||
| 082 | 0 | 4 |
_a515.353 _bD82 |
| 100 | 1 |
_aDuchateau, Paul _934356 |
|
| 245 | 1 | 0 |
_aSchaum's outline of theory and problems of partial differential equations _c/por Paul Duchteau, y David W. Zachmann |
| 246 |
_aTÃtulo en portada : _iPartial differential equations |
||
| 260 |
_aNew York : _bMcGraw-Hill, _cc1986 |
||
| 300 | _a241 p. | ||
| 490 | _aSchaum's outline series | ||
| 590 |
_aBATCH-UPD _b10 _c20130110 _lUCH01 _h1329 |
||
| 590 |
_aCONVERSION _b10 _c20130109 _lUCH01 _h1357 |
||
| 650 | 1 | 4 |
_aEcuaciones diferenciales parciales. _935308 |
| 700 | 1 |
_aZachmann, David W. _9123426 |
|
| 830 | 0 |
_aSchaum's outline series _9102916 |
|
| 901 | _aBK | ||
| 942 | _cLIBRO | ||
| 949 |
_a515.353 D82 _bBC _cLIBRO _d33724002345587 _eLIBRO _gI.c/e _h117251 _i115258 _st |
||
| 999 |
_c103596 _d103596 |
||